000 00996nam a22002057a 4500
999 _c12370
_d12370
003 AR-CdUCM
008 190408b ||||| |||| 00| 0 spa d
040 _aMUNICIPALIDAD PROVINCIAL DEL CUSCO
_cBIBLIOTECA MUNICIPAL DEL CUSCO
082 _22ed.
_a937.02 /
_bC46 / 1798
100 _aCayo, Julio César
_930200
245 _aLos comentarios de cayo julio césar /
260 _aMadrid :
_bLa imprenta real,
_c1798.
300 _a411 páginas ;
_c20 cm.
505 _aContenido: t.1. División de la Francia, conspiración de los suizos para apoderarse de ella -- Partida de los suizos, resolución de Cesar de estorbarles la entrada en la provincia romana -- Conjuración de los belgas, y aparato de guerra contra los romanos -- Guerra con los pueblos de Valais concluida no sin riesgo por Sergio Galba, lugarteniente de César ...
650 _aHistoria
_9136
650 _aRoma
_92474
700 _aValbuena, Manuel De (traductor)
_930201
942 _2ddc
_cLIBROS
945 _aacv
_d08/04/2019